000
00237nam a2200097Ia 4500
008
230508s2003 xx 000 0 und d
041
_a
eng
100
_a
I.I.IIYINYKH
245
_a
HYDROELECTRIC STATIONS
260
_b
MIR PUBLI.MOSCOW
_c
2003
999
_c
723739
_d
723739